Ritual de la iniciación cristiana de adultos: reformado segun de los decretos del Conciliio Vaticano II, promulgado por mandato de su santidad Pablo VI, aprobado por la conferencia del episcopado mexicano y confirmado por la sagrada congregación para los sacramentos y el culto divino
Furkejuvvon:
| Searvvušdahkki: | |
|---|---|
| Materiálatiipa: | Girji |
| Giella: | espánnjágiella |
| Almmustuhtton: |
Ciudad de México
Conferencia del Episcopado Mexicano
2012
|
| Preanttus: | 7a. ed |
| Fáttát: | |
| Fáddágilkorat: |
Lasit fáddágilkoriid
Eai fáddágilkorat, Lasit vuosttaš fáddágilkora!
|
MARC
| LEADER | 00000cam a2200000 a 4500 | ||
|---|---|---|---|
| 001 | UCD7939 | ||
| 003 | CL-VaPUC | ||
| 008 | 170414e20121200mx |||||||||||||||||spa|d | ||
| 020 | |a 9687693096 | ||
| 082 | 0 | 4 | |a 265.13 |b CON |2 21 |
| 110 | 2 | |a Conferencia del Episcopado Mexicano |e author |9 591826 | |
| 245 | 1 | 0 | |a Ritual de la iniciación cristiana de adultos: reformado segun de los decretos del Conciliio Vaticano II, promulgado por mandato de su santidad Pablo VI, aprobado por la conferencia del episcopado mexicano y confirmado por la sagrada congregación para los sacramentos y el culto divino |
| 250 | |a 7a. ed | ||
| 300 | |a 345 p | ||
| 942 | |c BK | ||
| 945 | |d 20170414 22:34:00 |a arojas | ||
| 260 | |a Ciudad de México |b Conferencia del Episcopado Mexicano |c 2012 | ||
| 650 | 0 | |a Bautismo |9 314393 | |
| 650 | 0 | |a Sacramentos |9 257270 | |
| 650 | 7 | |a CATEQUISIS |2 CL-VaPUC |9 322855 | |
| 650 | 7 | |a PASTORAL |2 CL-VaPUC |9 397996 | |
| 583 | |a last modification |c 20170502 01:02:09 |k Rodrigo Vera | ||
| 999 | |c 367763 |d 367761 | ||
| 952 | |0 0 |1 0 |3 erd |4 0 |6 265_130000000000000_CON_2012 |7 0 |8 X |9 482839 |a BIBTEO |b BIBTEO |i 5372461 |o 265.13 CON 2012 |p 5372461 |r 2025-01-17 |w 2019-11-24 |y BK_X |z Catalogado en:20170414 |k ICR | ||